Evolution of the E-commerce in Finland and in Sweden Based on Urbanization Differentiation

Salvato in:
Dettagli Bibliografici
Autore principale: Dzilská, Zuzana, 1994-
Altri autori: Kalamen, Kristián, 1996-, Pollák, František, 1985-
Natura: Capitolo di libro
Lingua:inglese
Soggetti:
Tags: Aggiungi Tag
Nessun Tag, puoi essere il primo ad aggiungerne!!

MARC

LEADER 00000naa$a2200000$$$4500
001 0304405
005 20241119135322.2
041 0 |a eng 
044 |a GB 
245 1 0 |a Evolution of the E-commerce in Finland and in Sweden Based on Urbanization Differentiation  |c Zuzana Dzilská, Kristián Kalamen, František Pollák 
500 |a Abstrakt 
610 2 0 |a obchod elektronický 
610 2 0 |a pandémia 
610 2 0 |a správanie spotrebiteľa 
610 2 0 |a mestá 
610 2 0 |a obce 
610 2 0 |a Fínsko 
610 2 0 |a Švédsko 
100 1 |a Dzilská, Zuzana, 1994- 
700 1 |a Kalamen, Kristián, 1996- 
700 1 |a Pollák, František, 1985-